1514 1055 1614 1902 1234 1730 1121 1615 1429 1358 1304 1339 1101 1488 1099 1438 1925 1476 1449 1967 1572 1022 1538 1453 1040 1226 1355 1817 1489 1361 1228 1201 1293 1692 1054 1426 1355 1319 1085 1859 1583 1471 1651 1396 1592 1728 1556 1973 1607 1592 1323 1286 1467 1570 1378 1678 1514 1901 1437 1305 1053 1849 1963 1459 1486 1229 1069 1487 1122 1088 1486 1462 1916 1164 1659 1381 1502 1321 1050 1033 1831 1345 1779 1436 1889 1402 1291 1374 1226 1558 1008 1598 1168 1976 1699 1756 1272 1431 1933 BCNSPRNW ULIB Ver.6.0+V

เปลี่ยนเป็นภาษาไทย

Change to English
 แสดงรายละเอียดบรรณานุกรม
  กลับหน้าหลัก

Brief Record : Get Marc (ISO 2709) : E-mail record : QR code < ปิดหน้าต่าง
LEADER : 00000nam 2200000uu 4500
001    13399121092
003     ULIB
008    110627s1999||||th 000 0 eng d
020    0439064864
090    นว.^bR884H ล.4
100 0  Rowling J.K.
245 00 Harry potter and the Chamber of Secrets/^cRowling J.K.
250    พิมพ์ครั้งที่ 1
260    New York :^bA.A. Levine Books,^c1999
300    341 หน้า
710 1  A.A. Levine Books
945    ^p0^l0^i021841
995    ทศพร
999 ^a ใช้งานได้ทุกระบบ
รายการนี้ยังไม่มีแท็ก
คุณยังไม่ได้ล็อกอิน คุณสามารถมีกิจกรรมร่วมกับเว็บไซต์ได้ แต่ต้องล็อกอินก่อน ::
  ล็อกอิน

รายการสื่อสารสนเทศ

ลำดับที่ ประเภท เลขเรียก/บาร์โค้ด สถานที่ สถานะ
1. วิทยาศาสตร์การแพทย์ และสุขภาพ
วิทยาศาสตร์การแพทย์ และสุขภาพ
นว. R884H ล.4 C.1 
  Barcode: 021841
ห้องสมุดวิทยาเขตสวรรค์ประชารักษ์
►หนังสือทั่วไป
บนชั้น

รายการใกล้เคียง
    ผู้แต่ง [Rowling J.K.]

BibComment


ยังไม่เคยถูกคอมเมนท์

คอมเมนท์ทรัพยากรรายการนี้
  คอมเมนท์: Harry potter and ..


 Copyright 2026. Bcnsprnw @Library